| 000 | 01266cam a22002295a 4500 | ||
|---|---|---|---|
| 001 | L157734 | ||
| 008 | 130419s2013 xxk f 000 0 eng d | ||
| 020 | _a978041563584 | ||
| 035 | _a(Sirsi) u157734 | ||
| 041 | 0 | _aeng | |
| 050 | 0 | 4 | _a690.2 $2 18 |
| 100 | 1 | _aGlover, Peter | |
| 245 | 0 | 0 | _aBuilding surveys |
| 250 | _a8th edition | ||
| 260 |
_aOxford _bRoutledge _c2013 |
||
| 300 |
_axxvii, 346p _c25cm |
||
| 520 | _aFocuses on the practical knowledge, techniques and equipment required to inspect and report on buildings accurately. Looks at foundations, walls, floors, roofs and chimneys, joinery and woodwork, finishes and surfaces. Considers modern methods of construction and recent initiatives aimed at improving the energy efficiency of properties including, solar panels, wind turbines and photovoltaic pumps. Covers all types of buildings including non-residential, flats and apartments, older residential properties, leasehold and new build and buildings under construction. Dilapidations, building conservation, the role of the expert witness are also included. Discusses recent case law and includes a glossary of terms used in building surveying. | ||
| 590 | _aKA | ||
| 651 | 4 |
_aUnited Kingdom _y |
|
| 690 | _aBuilding surveys | ||
| 942 | _n0 | ||
| 999 |
_c114941 _d114941 |
||